00882nam a22001817a 4500003000900000008004100009020001900050040007100069082002200140100002300162245008700185260003200272300002600304505031800330650001300648650002000661650001900681AR-CdUCM190321b ||||| |||| 00| 0 spa d a 84-376-0098-7 aMUNICIPALIDAD PROVINCIAL DEL CUSCOcBIBLIOTECA MUNICIPAL DEL CUSCO 22 ed.a401 /bS31 aSchmidt, Siegfried aTeoria del texto :bProblemas de una lingüística de la comunicación verbal / aMadrid :bCátedra,c1973. a188 paginas ;c21 cm. aContenido : Teoría del texto como nueva perspectiva lingüística -- Motivaciones de una teoría del texto en el campo de las investigaciones precedentes de la lingüística pragmática -- Concepto propio y labor de la lingüística pragmática anterior como teoría parcial de la lingüística ... aTeoría aLingüística aComunicación